Štatistická ročenka Slovenskej republiky 1992

Enregistré dans:
Détails bibliographiques
Format: Livre
Langue:slovaque
anglais
Publié: Bratislava Štatistický úrad SR 1993
Édition:1. vyd.
Sujets:
Tags: Ajouter un tag
Pas de tags, Soyez le premier à ajouter un tag!

MARC

LEADER 00000nam a2200000 4500
001 c003646
005 20230525134512.2
041 0 |a slo 
041 0 |a eng 
044 |a SK 
245 1 0 |a Štatistická ročenka Slovenskej republiky 1992 
250 |a 1. vyd. 
264 1 |a Bratislava  |b Štatistický úrad SR  |c 1993 
300 |a 480 s. 
610 2 0 |a Slovensko 
610 2 0 |a 1991 
610 2 0 |a transformácia 
610 2 0 |a hospodárstvo národné 
610 2 0 |a porovnanie štatistické medzinárodné